| 000 | 00726-am-a2200181-a-4500 | ||
|---|---|---|---|
| 001 | YSU0158613 | ||
| 003 | AM-YEHGA | ||
| 005 | 20250617163846.0 | ||
| 008 | 990113s1962 xxu 000 0 rus u | ||
| 040 | _aAM-YeHGA | ||
| 245 | 1 | 0 |
_aСимпозиум по химическим подходам к опознаванию материнских пород нефти / _cПер. М.Ф. Двали и др. ; Ред. М.Ф. Двали |
| 246 | 3 | _aSimposium on the Chemical Approaches to the Recognition of Pftroleum Source Rocks | |
| 260 | 0 |
_aЛ. : _bГостехиздат. Ленингр. отд-ние , _c1962. |
|
| 300 | _a82 с. | ||
| 650 | 4 | _aГеология | |
| 700 | 1 |
_aДвали, М.Ф. _4edt |
|
| 090 | _c517537 | ||
| 999 |
_c514015 _d514015 |
||